Movies Quiz

Random Movies or Actor Quiz
Score 0/27 Timer 08:00
0 Plays Today
Year Movie % Correct
2003Finding Nemo
80.1%
1997Titanic
79.3%
1989The Little Mermaid
77.8%
2004Shark Tale
72.4%
1968Yellow Submarine
71.3%
1975Jaws
60.2%
1984Splash
51.3%
195420,000 Leagues Under the Sea
47.9%
2004Life Aquatic with Steve Zissou
42.9%
1977The Deep
39.1%
1989The Abyss
38.3%
2008Fool's Gold
35.6%
2001Atlantis: The Lost Empire
33.7%
1999Deep Blue Sea
33%
Year Movie % Correct
2002Blue Crush
33%
2006Poseidon
32.6%
1972The Poseidon Adventure
27.2%
2005Into the Blue
27.2%
1971Bedknobs and Broomsticks
23.8%
1998Sphere
21.5%
1965Thunderball
21.1%
2000Men of Honor
16.1%
2004The SpongeBob SquarePants Movie
15.7%
2003Open Water
11.1%
1989Leviathan
7.7%
1963Flipper
4.6%
1989DeepStar Six
4.2%

You're not logged in!

Compare scores with friends on all Sporcle quizzes.
OR
Log In

Sporcle TV

Today on Sporcle TV


Watch our educational content, quiz creation guides, and fun videos on Sporcle TV.

Show Comments

Extras

Created Oct 7, 2009SourceReportNominate
Tags:Actor Quiz, sea, Under

Top Quizzes Today


Score Distribution

Paid Content

Your Account Isn't Verified!

In order to create a playlist on Sporcle, you need to verify the email address you used during registration. Go to your Sporcle Settings to finish the process.

Report this User

Report this user for behavior that violates our Community Guidelines.

Details: